000
00443nam a2200145Ia 4500
008
100122s9999 xx 000 0 und d
082
_b
5219
_a
822.08
100
_a
काणेकर अनंत
245
_a
धूर व इतर एकांकिका
260
_c
1924
300
_a
60
630
_a
धूर व इतर एकांकिका
730
_a
धूर व इतर एकांकिका
942
_c
BOOK
999
_c
398558
_d
398555